People Born on Islands #4 - Statistics

General Stats
  • This quiz has been taken 32 times
  • The average score is 4 of 20
Answer Stats
Person Island % Correct
Marcos Baghdatis Cyprus
69%
Oscar de la Renta Hispaniola
56%
Joaquin Phoenix Puerto Rico
53%
Nicole Kidman Oahu
47%
Thomas de la Rue Guernsey
34%
Aimé Césaire Martinique
25%
Lilian Thuram Guadeloupe
22%
Giacomo Casanova Venice
22%
Roland Garros Réunion
19%
Christian Karembeu New Caledonia
16%
Bobby Farrell Aruba
13%
Hippocrates Kos
13%
Pythagoras Samos
13%
Dawn French Anglesey
6%
Mary Anne Trump Lewis and Harris
6%
Matthew C. Perry Rhode Island
6%
Rodrigo Duterte Leyte
3%
St Marinus Rab
3%
Fabian von Bellingshausen Saaremaa
3%
Fabrice Santoro Tahiti
3%
No matching quizzes found
Score Distribution
Percent of People with Each Score
Percentile by Number Answered
Your Score History
You have not taken this quiz